000 00691cam a22002411 4500
001 17244
003 BD-RjUL
005 20211209000117.0
008 140216s1965 njuac 001 0 eng d
035 _a(BD-RjUL)17302
040 _aDLC
_cWa
_dDLC
_dBD-RjUL
_beng
041 _aeng
082 0 0 _a797.2
_bVIT 1965
100 1 _aVickers, Betty J.
_951129
245 1 0 _aTeaching synchronized swimming /
_cby Betty J. Vickers.
260 _aEnglewood Cliffs, N.J. :
_bPrentice-Hall,
_cc1965
300 _a170 p. :
_billus., ports. ;
_c16 x 24 cm.
504 _aIncludes Index
650 0 _aSynchronized swimming.
_953170
942 _2ddc
_cBK
999 _c17244
_d17244